Grafitové dievča /
Uložené v:
| Hlavný autor: | |
|---|---|
| Ďalší autori: | |
| Médium: | Kniha |
| Jazyk: | Slovak |
| Vydané: |
Bratislava :
Slovart,
2017.
|
| Vydanie: | Prvé slovenské vydanie |
| Témy: | |
| ISBN: |
9788055627113 (viaz.) |
| Fyzický popis: |
181 strán : ilustrácie ; 22 cm. |
| Tagy: |
Pridať tag
Žiadne tagy, Buďte prvý kto otaguje tento záznam!
|
Titul je dostupný aj v ... 

MARC
| LEADER | 00000nam a2200000 a 4500 | ||
|---|---|---|---|
| 001 | 000540921 | ||
| 005 | 20170713105424.0 | ||
| 008 | 170426s2017 xo a d 000 f slo d | ||
| 020 | |a 9788055627113 (viaz.) | ||
| 040 | |a SVKKK |b slo |c SVKKK |e AACR2 | ||
| 041 | 0 | |a slo | |
| 044 | |a xo |c SK | ||
| 072 | 7 | |a 821.162.4-3 |x Slovenská próza |2 konspekt | |
| 072 | 7 | |a 821-93 |x Literatúra pre deti a mládež (beletria) |2 konspekt | |
| 080 | |a 821.162.4-31 |2 2011 | ||
| 080 | |a 82-93-053.6 |2 2011 | ||
| 100 | 1 | |a Varáčková, Miroslava, |d 1981- |4 aut | |
| 245 | 1 | 0 | |a Grafitové dievča / |c Miroslava Varáčková ; ilustrovala Ivana Jancíková. |
| 250 | |a Prvé slovenské vydanie | ||
| 260 | |a Bratislava : |b Slovart, |c 2017. | ||
| 300 | |a 181 strán : |b ilustrácie ; |c 22 cm. | ||
| 521 | 1 | |a Pre čitateľov od 15 rokov | |
| 655 | 7 | |a slovenské romány |2 SVKKKPH | |
| 655 | 7 | |a publikácie pre mládež |2 SVKKKPH | |
| 700 | 1 | |a Jancíková, Ivana |4 ill | |
| 910 | |a svkkk | ||
| 919 | |a 978-80-556-2711-3 | ||
| 998 | |a BK | ||
| 090 | |g SCKHL |k Sklad Hlavná 10 prízemie |a IV.229397 |j 1080718 |i 2720416415 |s Absenčne | ||